Pipeline rule of thumb handbook: a manual of quick, accurate solutions to everyday pipeline engineering problems. --5th ed. (Record no. 81924)

MARC details
000 -LEADER
fixed length control field 00927nam a2200193 a 4500
008 - FIXED-LENGTH DATA ELEMENTS--GENERAL INFORMATION
fixed length control field 071129s2002 ||||||||||||||||| || u
020 ## - INTERNATIONAL STANDARD BOOK NUMBER
International Standard Book Number 0750674711
050 ## - LIBRARY OF CONGRESS CALL NUMBER
Classification number TP 930 Pip
100 ## - MAIN ENTRY--PERSONAL NAME
Personal name McAllister, E. W
245 10 - TITLE STATEMENT
Title Pipeline rule of thumb handbook: a manual of quick, accurate solutions to everyday pipeline engineering problems. --5th ed.
Statement of responsibility, etc. edited by McAllister, E. W.
250 ## - EDITION STATEMENT
Edition statement 5th ed.
260 ## - PUBLICATION, DISTRIBUTION, ETC.
Place of publication, distribution, etc. Boston
Name of publisher, distributor, etc. G. G. P
Date of publication, distribution, etc. 2002
300 ## - PHYSICAL DESCRIPTION
Extent xii, 651p.: ill.
350 ## -
-- 0.00
650 ## - SUBJECT ADDED ENTRY--TOPICAL TERM
Topical term or geographic name entry element ENGINEERING
650 ## - SUBJECT ADDED ENTRY--TOPICAL TERM
Topical term or geographic name entry element PIPELINES--HANDBOOKS, MANUALS
995 ## -
-- MAIN LIBRARY OPEN ACCESS
-- 0.00
-- 738159
-- CBU-MAIN LIBRARY (Kitwe)
-- 1
-- 0.00
-- TP 930 PIP
-- 1
-- AVAILABLE
-- Mar 11, 2013
-- Nov 29, 2007
-- 738159
-- Main Library Open Access Collection
995 ## -
-- MAIN LIBRARY OPEN ACCESS
-- 0.00
-- 738160
-- CBU-MAIN LIBRARY (Kitwe)
-- 1
-- 0.00
-- TP 930 PIP
-- 2
-- LOST
-- Mar 11, 2013
-- Nov 29, 2007
-- 738160
-- Main Library Open Access Collection
999 ## -
-- 81924
-- 81924
Holdings
Withdrawn status Lost status Source of classification or shelving scheme Damaged status Not for loan Permanent Location Current Location Shelving location Date acquired Total Checkouts Full call number Barcode Date last seen Copy number Price effective from Koha item type
          CBU-MAIN LIBRARY, KITWE. CBU-MAIN LIBRARY, KITWE.   09/12/2023   TP 930 Pip 738159 09/12/2023 1 09/12/2023 MONOGRAPH
          CBU-MAIN LIBRARY, KITWE. CBU-MAIN LIBRARY, KITWE.   09/12/2023   TP 930 Pip 738160 09/12/2023 2 09/12/2023 MONOGRAPH